000 00549nam a2200181Ia 4500
003 GCL
008 140319s9999 xx 000 0 ara d
040 _aGCL /
_cGCL
082 0 4 _a920.71
_bا خ
100 1 _aامين هويدى
245 1 0 _a50 عاما من العواصف /
_cامين هويدى
250 _aالاولى
260 _aالقاهرة :
_bمؤسسة الاهرام ،
_c2002
300 _a496 ص ؛
_c24 سم
650 0 4 _aالتراجم الذاتية
650 0 4 _aامين هويدى - المذكرات
942 _2ddc
_cBK
999 _c5083
_d5083